Statystyki dla Przystanki autobusowe w Lublinie

Kliknij tutaj aby rozwiązać quiz!

Ogólne statystyki

  • Ten quiz został rozwiązany 124 razy
  • Średni wynik to 74 z 352

Statystyki odpowiedzi

LiniePrzystanek% Poprawnych
2, 3, 4, 7, 11, 12, 13, 15, 18, 20, 26, 30, 31, 44, 55, 57, 74, 150, 151, 155, 158, N2, N3KUL
77%
1, 13, 30, 34, 45, 154, 161Dworzec Główny PKP
75%
1, 2, 4, 5, 6, 17, 18, 22, 23, 29, 31, 32, 34, 39, 52, 57, 150, N2, ZielonaDworzec Główny PKS
73%
2, 3, 4, 7, 11, 13, 15, 18, 20, 26, 30, 31, 32, 40, 44, 55, 57, 74, 150, 151, 155, 158, N2, N3Ogród Saski
69%
7, 21, 23, 35, 36, 47, 70, 73, 156, 157, 158, 161, N2Felin
67%
2, 18, 26, 31, 32, 40, 57, 150Plac Litewski
64%
8, 11, 15, 20, 30, 32, 40, 44, 151, 155, 158Lipowa - cmentarz
63%
3, 4, 7, 13, 39, 55, 159, N1, N2, N3Plac Wolności
63%
26, 31, 46, 150, N2UMCS
61%
2, 3, 4, 7, 13, 18, 26, 31, 32, 40, 55, 57, 150Krakowskie Przedmieście
60%
1, 4, 5, 6, 17, 22, 23, 39, 52, 156, 160, 904, 950, N1, N2Brama Krakowska
59%
8, 14, 15, 32, 39, 40, 44, 153, 154, 159, 950, N1Muzyczna
59%
38, 78, 85, 150, 151, 153, 154, 161Węglin
59%
3, 7, 14, 16, 17, 23, 25, 29, 34, 45, 55, 153, 155, 156, 158, 159, 160, 161, 950, N2Park Bronowice
57%
3, 7, 12, 18, 20, 30, 33, 37, 42, 57, 151, 155, 158, N3, ZielonaRondo Krwiodawców
57%
3, 12, 33, 37, 39, 42, 50, 54, 57, 78, 79, 151, 155, 158, ZielonaWojciechowska
57%
3, 12, 33, 37, 42, 57, 79, 151, 155, 158, ZielonaNałęczowska
56%
2, 7, 18, 30, 37, 47, N3, ZielonaZbożowa
56%
2, 18, 26, 31, 32, 40, 57, 150Dolna 3 maja
55%
3, 7, 12, 18, 20, 30, 57, 151, 155, 158, N3Liceum im. Staszica
55%
21, 23, 47, 153, 156, 157, 158, 161, 950Majdanek
55%
1, 14, 55, N2, ZielonaWitosa Felicity
55%
1, 3, 6, 7, 13, 17, 23, 55, 156, 159, 160, 950, N3Zamojska
55%
14, 26, 31, 32, 37, 39, 42, 46, 78, 154, 155, 157, 161, 162, 950, N1ZUS
55%
12, 26, 38, 50, 54, 78, 150, 151, 161, N2Poczekajka
52%
26, 40, 47, 154, 156, 160, 950, N1Chodźki - szpital
51%
13, 31, 42, 57, 150, 159, 160, 161, 162, 950Os. Poręba
51%
11, 14, 20, 30, 151, 153, 155, 158MPWiK
49%
4, 17, 18, 24, 31, 74, 904Olimp
48%
1, 7, 50, 70, 73Pancerniaków Felicity
48%
1, 2, 4, 6, 16, 17, 18, 22, 24, 31, 32, 34, 39, 47, 57, 150, 154, 922, N2Plac Singera
48%
8, 14, 15, 32, 39, 40, 44, N1Politechnika
48%
5, 16, 29, 52, 154, ZielonaTarasy Zamkowe
48%
1, 2, 22, 34, 36, 39, 47, 57, 150, 922, N2Kalinowszczyzna
47%
3, 6, 7, 11, 17, 20, 25, 29, 34, 45, 151, 155, 160, 161, N3Plac Bychawski
47%
12, 26, 38, 78, 150, 151, 161, N2Szpital Wojewódzki
47%
78, 155, 158, 950Zana ZUS
45%
3, 6, 11, 17, 20, 25, 29, 151, 160, 917, N3Dworzec Główny PKP - Kunickiego
44%
11, 26, 32, 37, 44, 45, 160, N1Os. Widok
44%
14, 37, 39, 42, 50, 54, 57, 78, 150, 153, 154, 155, 157, 158, 159, 161, 162, 950, N2Zana Leclerc
44%
25, 38Żeglarska
44%
16, 17, 20, 25, 29, 50, 73, 151, 157, 160, 917Mickiewicza
43%
3, 7, 12, 18, 20, 30, 57, 151, 155, 158, N3Spadochroniarzy
43%
12, 45, 46, 78, 85, 150, 161, 912Węglinek
43%
4, 23, 24, 42, 904IKEA
41%
7, 14, 16, 23, 55, 153, 156, 158, 161, 950, N2Lotnicza
41%
5, 22, 36, 39, 45, 47, 52, 150, 155, 159Mełgiewska WSEI
41%
3, 4, 7, 8, 13, 55, 74, N2, N3Okopowa
41%
13, 17, 18, 23, 26, 29, 42, 44, 46, 156, 160, 950, N1, BiałaPaderewskiego
41%
7, 14, 47, 50, 55, N2Łabędzia
40%
1, 6, 11, 13, 20, 30, 34, 45, 151, 154, 155, 161, N3Targi Lublin
40%
2, 22, 57, 922Turystyczna
40%
1, 13, 30, 34, 45, 154, 161Arena Lublin
39%
18, 29, 44, 46, 156, 160, 950Choiny
39%
14, 21, 23, 47, 153, 156, 157, 158, 161, 950, N2Dulęby
39%
11, 12, 13, 15, 23, 34, 36, 44, 46, 55, 74, N1Orfeusz
39%
26, 31, 46, 150, 153, 154, 159, 950, N2Park Akademicki
39%
14, 37, 39, 42, 78, 154, 155, 157, 158, 161, 162Jana Sawy
37%
1, 3, 6, 7, 13, 14, 16, 17, 23, 25, 29, 55, 153, 154, 156, 158, 159, 160, 950, N3Rondo Lubelskiego Lipca 80
37%
24, 47Dworzec Główny PKS - Ruska
36%
12, 14, 26, 45, 46, 85, 150, 161, N2Gęsia
36%
26, 31, 32, 37, 39, 42, 46, 157, N1Fantastyczna
35%
12, 15, 34, 36, 55Koncertowa
35%
11, 13, 37, 38, 39, 44, 45, 50, 157, 160, N1Os. Górki
35%
7, 14, 47, 50, 55, N2Pogodna
35%
13, 26, 31, 38, 42, 45, 46, 50, 160Szmaragdowa
35%
17, 18, 24, 31, 47, 154, 156, 160, 904, 950, N1Unicka
35%
1, 7, 14, 21, 55, 70, 73, 153, 950, N2, ZielonaGrygowej
33%
4, BiałaPoligon
33%
54Sławin
33%
26, 31, 32, 37, 39, 42, 46, 157, N1Sympatyczna
33%
21, 23, 47, 153, 156, 157, 158, 161, 950Majdanek - pomnik
32%
8, 15, 39, 40, 44, 161, 162Os. Skarpa
32%
1, 7, 14, 36, 50, 55, 70, 73, 150, 153, 155, 159, 950, ZielonaPancerniaków
32%
17, 20, 21, 25, 29, 151, 157, 160, 917Wyścigowa
32%
4, 32, 36Andersa - cmentarz
31%
1, 34, 45, 47, 155, 159, N2Dworzec Północny
31%
14, 23, 36, N2Felin Uniwersytet
31%
1, 11, 13, 15, 25, 37, 38, 40, 45, 50, 157, 160, 161, 162, N1Klub Jeździecki
31%
13, 26, 47, 74, 156, 160, 950Młodej Polski
31%
18, 20, 30, 37, N3, ZielonaSkansen
31%
14, 50, 54, 57, 150, 153, 154, 159, 161, 162, 950, N2Skrzetuskiego
31%
14, 21, 47, 55, 70Felin Europark
29%
26, 47, 154, 156, 160, 950, N1Jaczewskiego
29%
39, 159, N1Konopnicka
29%
4, BiałaPoligonowa
29%
156, 160, 904, 950, N1Probostwo
29%
1, 6, 15, 21, 25, 37, 38, 40, N1Romera
29%
12, 13, 15, 29, 34, 36, 42, 47, 55Rondo Kilara
29%
16, 23, 29, 154Targ Pod Zamkiem
29%
11, 16, 31Węglarza
29%
14, 32, 161, 162, N1Brzeskiej
28%
12, 15, 34, 36, 47, 55Harnasie
28%
6, 11, 21, N3Nowy Świat
28%
1, 14, 55, N2Witosa Carrefour
28%
14, 26, 38, 50, 57, 153, 154, 159, 162, 950Dziewanny
27%
7, 35, 73Felin Kalinówka
27%
2, 4, 11, 13, 15, 46, 55Galeria Labirynt
27%
12, 23, 29, 34, 44, 74, N1Paganiniego
27%
4, 6, 16, 32, 34, 36, 39, 47, 57, 150, N2Rondo Berbeckiego
27%
26, 31, 32, 37, 39, 42, 46, 157, N1Rzeckiego
27%
11, 13, 17, 18, 23, 26, 29, 42, 44, 46, 156, 160, N1WSSP
27%
11, 23, 29, 42, 44, 46, 47, 74, N1Żywnego
27%
2, 7, 37, 47, N3, Biała, ZielonaBogdanówka
25%
24, 47, 156, 160, 904, 950, N1Czwartek
25%
32Daszyńskiego
25%
34, 45, 155, 159, N2Fabryka Wag
25%
18, 20, 30, 37, N3Generała Zajączka
25%
2, 7, 47, N3, Biała, ZielonaOgród Botaniczny
25%
11, 12, 13, 15, 23, 34, 36, 44, 46, 55, 74, N1Skrzypcowa
25%
18, 30, Biała, ZielonaSławinkowska
25%
1, 14, 55, N2Witosa Makro
25%
1, 13, 45, 161Betonowa
24%
1, 47Hutnicza
24%
14, 26, 38, 45, 50, 159, 162, 950, N2Jutrzenki
24%
1, 6, 15, 21, 25, 37, 38, 40, 50, 157, 160, 162, N1Medalionów
24%
45Metalurgiczna
24%
3, 4, 7, 13, 39, 55, 159, N1, N2, N3Mościckiego
24%
150, 153, 159, 950, N2Pana Tadeusza
24%
13, 14, 31, 42, 46, 159, 160, 162, 950, N2Perłowa
24%
2, 4, 7, 13, 37, 42, ZielonaPopiełuszki
24%
8, 15, 39, 40, 44, 161, 162Pozytywistów
24%
2, 4, 13Puławska
24%
14, 21, 23, 47, 153, 156, 157, 158, 161, 950, N2Sulisławicka
24%
12, 44, 74Wieniawa stadion
24%
12, 13, 15, 29, 34, 36, 42, 47, 55Żelazowej Woli
24%
4, 11, 17, 18, 24, 31, 74, 904Związkowa
24%
13, 14, 31, 42, 46, 159, 160, 162, N1Bociania
23%
13, 29, 42Braci Wieniawskich
23%
7, 14, 21, 23, 36, 47, 55, 70, 73, N2Doświadczalna
23%
20, 29, 162, N3Herberta
23%
2, 7, 37, 47, N3, Biała, ZielonaLisa
23%
6, 11, 21Lubella
23%
1, 5, 22, 34, 36, 39, 47, 52, 150, N2Montażowa
23%
6, 35, 55Niepodległości
23%
12, 23, 34, 74Oratoryjna
23%
150, 153, 159, 950, N2Os. Słowackiego
23%
17, 18, 24, 31, 154Walecznych
23%
74Zesłańców Sybiru
23%
20, 25, 38, 50, 157, 160, 162ZSTK
23%
1, 15, 21, 37, 38, 40, N1Biskupa Fulmana
21%
37, 39, 42, 50, 54, 57, 78, 155, 158Krasińskiego
21%
1, 34, 45, 47, 155, 159, N2Kresowa
21%
14, 46, 57, 150, 161, N2Kryształowa
21%
2, 4, 7, 37, 47, N3, Biała, ZielonaMineralna
21%
23, 26, 29, 40Prusa
21%
1, 34, 45, 47, 155, 159, N2Przyjaźni
21%
4, 23, 24, 42, 74, 904Dożynkowa
20%
21, 23, 47, 70Felin Spiessa
20%
11, 15, 46, 55Kiepury
20%
34, 36, 39, 47, 57, 150, N2Kleeberga
20%
4, 6, 16, 32, 34, 39, 47, 57, 150, N2Krzemieniecka
20%
23, 42, 904Kupiecka IKEA
20%
7, 50Makro
20%
39Mełgiewska - chłodnia
20%
2, 4, 7, 13, 42, N3, ZielonaNowickiego
20%
1, 6, 15, 21, 25, 37, 38, 40, N1Os. Nałkowskich
20%
1, 6, 15, 21, 25, 37, 38, 40, N1Romera - kościół
20%
2, 4, 7, 13, 42, N3, ZielonaSikorskiego
20%
2, 7, 37, 47, N3, Biała, ZielonaTarasowa
20%
44, N1Os. Lipińskiego
19%
45, 57, 153, 154, N2Poznańska
19%
26, 36, 40, 47, 74, 156, 160, 950Rondo Kamińskiego
19%
16, 17, 38, 151, 917, N3Szpital Neuropsychiatryczny
19%
39Zadębie
19%
12, 15, 34, 36, 47, 55, BiałaZelwerowicza
19%
12, 26, 38, 78, 150, 151, 161, N2Zwycięska
19%
39, 50, 79Bohaterów Monte Cassino
17%
17, 20, 21, 25, 29, 151, 160, 917Dąbrowska
17%
26, 38, 54, 150, 161, N2Irydiona
17%
1, 14, 55, N2Ordonówny
17%
40, N1Organowa
17%
1, 13, 45, 161Rondo Sportowców
17%
1, 4, 5, 6, 17, 22, 23, 39, 52, N1, N2Szewska
17%
18, 20, 30, 37, ZielonaWarszawska - cerkiew
17%
1, 15, 21, 37, 38, 40, N1Zalewskiego
17%
11, 18, 23, 42Bursaki
16%
12, 44, 74Czechowska
16%
2, 4, 13Głowackiego
16%
12, 15, 34, 36, 47, 55Os. Szymanowskiego
16%
16, 17, 38, 73, 151, 917, N3Reja
16%
1, 15, 21, 37, 38, 40, N1Wapowskiego
16%
20, 25, 38, 50, 157, 160, 162Budowlana
15%
11, 17, 18Ceramiczna
15%
21, 23, 47, 156, 157, 158, 161Dobrzańskiego
15%
13, 29, 42Kosmowskiej
15%
26, 31, 46, 154, 950Piastowska
15%
4, 47, BiałaPoligonowa - osiedle
15%
12, 14, 26, 45, 46, 57, 85, 150, 161, 912, N2Roztocze
15%
13, 17, 18, 23, 26, 29, 42, 44, 46, 156, 160, 950, N1Śliwińskiego
15%
1, 2, 22, 922Tatarska
15%
5, 22, 36, 39, 45, 52, 150, 155, 159Tokarska
15%
2, 22, 57, 922Turystyczna Leclerc
15%
12, 45, 46, 78, 85, 912Węglin Wróbla
15%
39, 50, 79, ZielonaWojciechowska - zespół szkół
15%
4, 47, BiałaZielone Wzgórze
15%
18, 30, BiałaDzbenin
13%
13, 31, 42, 57, 150, 159, 160, 161, 162Granitowa
13%
7, 21, 23, 35, 47, 73, 156, 157, 158, 161Instytut Agrofizyki
13%
8, 25Janowska - stacja pomp
13%
18, 30, 37, N3Jemiołowa
13%
16, 21, 50, 157Kosmonautów
13%
4, 17, 18, 24, 31, 74Morzyckiej
13%
3Pawia
13%
1, 14, 55, N2Rolna Osada
13%
12, 26, 38, 78, 85, 150, 151, 153, 154, 161, N2Rzemieślnicza
13%
25, 50, 157, 160, 162Samsonowicza
13%
46Sowińskiego
13%
25, 38, 50, 157, 160, 162Elektromontaż
12%
18, 30, 37, N3Gajowa
12%
6, 16Koryznowej
12%
23, 42, 904Nasutowska IKEA
12%
12, 26, 45, 57, 85, 912Os. Świt
12%
7, 36, 50, 150, 155, 159Rondo Geodetów
12%
6, 11, 21, N3Skwer Borowiczan
12%
1, 13, 45, 161Spółdzielcza
12%
153, 154, 159, 950Wiercieńskiego
12%
45, 57, 153, 154, N2Wiklinowa
12%
6, 11, 21, N3Dom Kolejarza
11%
4, 47, BiałaGórki Czechowskie
11%
36, 150, 155, 159Grygowej - osiedle
11%
29, 162Inżynierska
11%
13, 29, 42Kaprysowa
11%
12, 15, 34, 36, 55Karkonoska
11%
32Kasztanowa
11%
8, 25Koło
11%
34, ZielonaLubomelska
11%
3, 33, 54, 79Mazowieckiego
11%
38Osmolicka
11%
5, 22, 36, 39, 45, 52, 150, 155, 159Outlet Center
11%
21, 23, 47, 153, 156, 157, 158, 161, 950Park Naukowo-Technologiczny
11%
18, 29, 44, 46, 156, 160, 950Pienińska
11%
11, 18Rapackiego
11%
6, 11, 21Smoluchowskiego
11%
16, 23, 29, 154Stolarska
11%
154Szkoła Muzyczna
11%
N1Szpital Dziecięcy
11%
6, 32Trześniowska
11%
3, 16, 50Wilcza
11%
26, 40, 47, 156, 160, 950Wydział Farmaceutyczny
11%
21, 157Żelazna
11%
16, 74Bluszczowa
9%
18, 20, 30, N3Botaniczna
9%
25, 50, 157, 160, 162Domeyki
9%
20, ZielonaGłówna
9%
16, 17, 38, 151, 917, N3Makowa
9%
8, 25Marina
9%
12, 26, 45, 57, 85Mazowiecka
9%
29, 162, N3Młodzieżowa
9%
3, 33, 54Morwowa - Helenów
9%
20, 25, 38, 50, 157, 160, 162Świętochowskiego
9%
16, 32Ustronie
9%
16, 73Wygodna
9%
8, 25, 78Cienista
8%
25, 50, 157, 160, 162Energetyków
8%
7, 50Grabskiego
8%
36Grygowej MPK
8%
4, 23, 24, 42IKEA - wiadukt
8%
14, N2Jesienna
8%
22, 39, 52Kasprowicza
8%
2, 22, 922Kijańska
8%
17, 20, 25, 29, 151, 157, 160, 917Kraszewskiego
8%
8, 25Krężnicka - kemping
8%
8, 25Lipska
8%
16, 21, 50, 157Olchowa
8%
8, 25Rąblowska
8%
7, 50, 70Rataja
8%
21, 23, 36, 47Rondo Przemysłowców
8%
17, 18, 24, 31, 904Sapiehy
8%
16, 17, 38, 73, 151, 917, N3Sierpińskiego
8%
34, 45, 155, 159, N2Składowa
8%
23, 42Stefczyka
8%
3, 16, 17, 917Strojnowskiego
8%
3, 73Szklarniana
8%
36Szwedzka
8%
54Wądolna
8%
32Walecznych - cmentarz
8%
2, 22, 922Zadębie PKP
8%
3, 73Zorza
8%
3, 33, 54, 79Cisowa
7%
7, 50, 70Dworzec Towarowy PKP
7%
11, 13, 17, 18, 23, 26, 29, 42, 44, 46, 156, 160, N1Elsnera
7%
8, 25Hotel Locomotiva
7%
8, 25Hotel pod Kasztanami
7%
3, 16, 50, 73Hubalczyków
7%
78Ku Słońcu
7%
6, 11, 21, N3Leśna
7%
5, 22, 36, 39, 45, 52, 150, 155, 159Metalurgiczna - hurtownia
7%
16, 74Narcyzowa
7%
8, 25Parczewska
7%
39, 79, ZielonaPolfa
7%
16, 17, 917Powojowa
7%
29Rogowskiego
7%
14, 21, 47, 70Vetterów
7%
7, 50Walentynowicz
7%
14, 26Węglin - centrum handlowe
7%
11, 17, 18WSPA
7%
70Braci Krausse
5%
3Bukowa
5%
29, 162Elektrociepłownia
5%
3, 33, 54, 79Gnieźnieńska
5%
7, 50, 70Grenadierów
5%
79Kleopatry
5%
8, 25, 78Krężnicka - szkoła
5%
3, 73Miętowa
5%
14, 21, 47Moritza
5%
14, 21, 23, 36, 47, N2Rondo Karszo-Siedlewskiego
5%
20, ZielonaSkowronkowa
5%
3, 73Skrzynicka
5%
16Strzeszewskiego
5%
8, 25Wąwozowa
5%
70Brzegowa
4%
20Ciepłownicza
4%
3, 16Dominowska
4%
16, 74Goździkowa
4%
3, 73Grunwaldzka
4%
12Heloizy
4%
54Hospicjum Małego Księcia
4%
8, 25Krężnicka - przychodnia
4%
16, 74Laurowa
4%
8, 25Letniskowa
4%
22, 922Lipeckiego
4%
36, 70Plewińskiego
4%
12Wertera
4%
70Wilhelma Hessa
4%
16, 17, 917Wólczańska
4%
22, 922Zabytkowa
4%
73Zorza - sklep
4%
70Brzegowa - wiadukt
3%
2, 22, 922Kasprowicza - Wólka
3%
20, ZielonaKmieca
3%
8, 78Krężnicka - przejazd
3%
73Kuncewiczowej
3%
2, 22Łagiewnicka
3%
8Marzanny
3%
25Poranna
3%
25Roślinna
3%
3, 73Sachsów
3%
54Ślężan
3%
29, 162, N3Smoluchowskiego koszary
3%
29, 162, N3Szpital Kolejowy
3%
20Wytwórnia Szczepionek
3%
16, 73Zdrowa
3%
73Zorza - fabryka
3%
8Ptasia
1%
3, 33, 54Sobótki
1%
22, 922Zagrodna
1%
22, 52Dziubińskiej
0%
22, 52Kasprowicza - szkoła
0%
22, 52Kasprowicza - Zadębie
0%
22, 922Łysakowska
0%
35, 73Szczygła
0%

Rozkład punktacji

Percentyl według liczby udzielonych odpowiedzi

Procent ludzi z każdym wynikiem

Twoja historia wyników

Nie rozwiązałeś tego quizu